000 00520nam a2200181Ia 4500
005 20250423095913.0
008 250422s9999 xx 000 0 und d
020 _a9789780950385
050 _aHF 5382.7 .J63/
100 _aPunch Nigeria Limited
245 0 _aJob hunting and career success
260 _aIbadan
260 _bSpectrum Books Limited
260 _c2010
300 _a413 p
650 _a Job hunting. Résumés (Employment) Vocational guidance. Career development.
942 _cBK
999 _c31682
_d31682